Chefs d'etats d'Europe - Statistiques

Statistiques générales
  • Ce quiz a été pris 29 fois
  • Le résultat moyen est 8 sur 45
Statistiques - réponses
Pays Indice Réponse % Correct
France Président de la République Emmanuel Macron
100%
Royaume-Uni Roi Charles III
76%
Vatican Pape François
76%
Ukraine Président Volodymyr Zelensky
76%
Russie Président de la fédération Vladimir Poutine
71%
Espagne Roi Felipe VI
62%
Monaco Prince souverain Albert II
52%
Biélorussie Président Alexandre Loukachenko
52%
Belgique Roi Philippe
52%
Italie Président de la République Sergio Mattarella
38%
Suisse Président de la Confédération Alain Berset
19%
Allemagne Président fédéral Frank-Walter Steinmeier
19%
Norvège Roi Harald V
19%
Luxembourg Grand-duc Henri
19%
Pologne Président de la République Andrzej Duda
14%
Suède Roi Carl XVI Gustaf
14%
Moldavie Présidente de la République Maia Sandu
14%
Pays-Bas Roi Willem-Alexander
14%
Serbie Président de la République Aleksandar Vučić
10%
Lichtenstein Prince Hans-Adam II
10%
Hongrie Présidente de la République Katalin Novak
10%
Danemark Reine Margrethe II
10%
Autriche Président fédéral Alexander Van der Bellen
5%
Portugal Président de la République Marcelo Rebelo de Sousa
5%
Irlande Président Michael D. Higgins
5%
Bulgarie Président de la République Roumen Radev
5%
Estonie Président de la République Alar Karis
0%
Saint-Marin Capitaines régents Alessandro Scarano / Adele Tonnini
0%
Albanie Président de la République Bajram Begaj
0%
Lettonie Président de la République Egils Levits
0%
Grèce Présidente de la République Ekateríni Sakellaropoúlou
0%
Malte Président de la République George Vella
0%
Lituanie Président de la République Gitanas Nausėda
0%
Islande Président Guðni Th. Jóhannesson
0%
Monténégro Président Jakov Milatović
0%
Roumanie Président Klaus Iohannis
0%
Slovénie Présidente de la République Nataša Pirc Musar
0%
République Tchèque Président de la République Petr Pavel
0%
Finlande Président de la République Sauli Niinistö
0%
Macédoine du Nord Président de la République Stevo Pendarovski
0%
Kosovo Présidente de la République Vjosa Osmani
0%
Andorre Chef du Gouvernement Xavier Espot Zamora
0%
Bosnie-Herzégovine Présidente du collège présidentiel Željka Cvijanović
0%
Croatie Président de la République Zoran Milanović
0%
Slovaquie Présidente de la République Zuzana Čaputová
0%
Aucun quiz correspondant
Distribution des résultats
% des personnes avec chaque résultat
Percentile par nombre de réponses
Votre historique - résultats
Vous n’avez pas pris ce quiz